000 00350nam a2200157Ia 4500
100 _aPless/Vera
250 _a3
942 _cBK
654 _aerror correcting codes
245 _aIntroduction to the theory of error-correcting codes
260 _bJohn Wiley
_c2003
082 _a3.54
_bPLE
300 _a207
546 _aENGLISH
999 _c26025
_d26025